[Event "SWE-chT 1718 Elite"]
[Site "Sweden"]
[Date "2017.10.20"]
[Round "1"]
[White "Malesevic, Nedeljko"]
[Black "Cederberg, Karl Olof"]
[Result "1-0"]
[WhiteElo "2251"]
[BlackElo "2161"]
[PlyCount "157"]
[EventDate "2017.10.20"]
[EventType "team-tourn"]
[EventRounds "9"]
[EventCountry "SWE"]
[SourceTitle "EXT 2019"]
[Source "ChessBase"]
[SourceDate "2018.10.10"]
[SourceVersion "1"]
[SourceVersionDate "2018.10.10"]
[SourceQuality "1"]
[WhiteTeam "Eksjo"]
[BlackTeam "Upsala"]
[WhiteTeamCountry "SWE"]
[BlackTeamCountry "SWE"]

1. d4 Nf6 2. c4 Nc6 3. Nf3 e6 4. a3 d5 5. Nc3 Ne4 6. Qc2 f5 7. g3 Be7 8. Bg2 Bf6 9. e3 0-0 10. 0-0 g5 11. cxd5 exd5 12. Qb3 Nxc3 13. bxc3 Na5 14. Qa2 Nc4 15. Nd2 Nb6 16. e4 fxe4 17. Nxe4 Be7 18. f4 gxf4 19. Bxf4 Bf5 20. Nc5 Bxc5 21. dxc5 Nc4 22. Bxc7 Qxc7 23. Bxd5+ Kg7 24. Qxc4 Rac8 25. Qd4+ Kg6 26. c4 h5 27. Rf4 Qxc5 28. Qxc5 Rxc5 29. Bxb7 Re8 30. Bd5 Re5 31. Kf2 Ra5 32. Rf3 Be4 33. Bxe4+ Rxe4 34. Rc1 Rc5 35. Rf4 Re6 36. Rc3 Kg5 37. Kf3 Re1 38. h4+ Kg6 39. Kf2 Re6 40. g4 hxg4 41. Rxg4+ Kh5 42. Rd4 Rf5+ 43. Rf3 Rfe5 44. Rd5 Kxh4 45. Rxe5 Rxe5 46. Re3 Rc5 47. Re4+ Kg5 48. Ke3 Kf5 49. Rh4 Kg5 50. Rd4 Kf5 51. Kd3 Ke5 52. Rh4 Kd6 53. Kc3 Kc6 54. Rh6+ Kb7 55. Kb4 Rg5 56. Rd6 Rg1 57. Kc5 Ra1 58. Rd7+ Ka6 59. Rd3 Kb7 60. Kd6 Rh1 61. Rb3+ Kc8 62. Re3 Rh7 63. c5 Rd7+ 64. Kc6 Rc7+ 65. Kb5 Kb7 66. Re6 a6+ 67. Kb4 Rh7 68. Rb6+ Ka7 69. Ka5 Rh3 70. Rxa6+ Kb7 71. Rb6+ Ka7 72. a4 Rc3 73. Kb5 Rb3+ 74. Kc6 Ra3 75. Kc7 Rxa4 76. Rb1 Ka6 77. c6 Rd4 78. Ra1+ Kb5 79. Kb7 1-0

[Event "SWE Cup"]
[Site "Sweden"]
[Date "2017.03.04"]
[Round "6.4"]
[White "Crevatin, Leo"]
[Black "Cederberg, Karl Olof"]
[Result "1/2-1/2"]
[WhiteElo "2030"]
[BlackElo "2204"]
[PlyCount "140"]
[EventDate "2017.01.14"]
[EventType "team-tourn"]
[EventRounds "9"]
[EventCountry "SWE"]
[SourceTitle "EXT 2018"]
[Source "ChessBase"]
[SourceDate "2017.10.13"]
[SourceVersion "1"]
[SourceVersionDate "2017.10.13"]
[SourceQuality "1"]
[WhiteTeam "Stockholm Rockaden II"]
[BlackTeam "Upsala"]
[WhiteTeamCountry "SWE"]
[BlackTeamCountry "SWE"]

1. d4 Nf6 2. Bf4 g6 3. e3 Bg7 4. Be2 d6 5. h3 0-0 6. Nf3 c5 7. c3 Nfd7 8. Bh2 Nc6 9. Nbd2 a6 10. a4 Rb8 11. 0-0 b5 12. axb5 axb5 13. Ne4 cxd4 14. exd4 Rb6 15. Qd2 Bb7 16. d5 Nce5 17. Nxe5 Nxe5 18. Bf4 Nc4 19. Bxc4 bxc4 20. Ra4 Rb5 21. Rb4 Rxd5 22. Qc2 Qa8 23. f3 Ra5 24. Nd2 Qa7+ 25. Kh1 d5 26. Bc7 Ra6 27. Re1 Bc6 28. Bf4 Ra1 29. Rxa1 Qxa1+ 30. Qb1 Qxb1+ 31. Nxb1 e5 32. Be3 Rc8 33. Bf2 Bd7 34. Nd2 Be6 35. g4 d4 36. Kg2 f5 37. Rb6 Bf7 38. Rd6 Bf8 39. Rd7 Be6 40. Rb7 Bc5 41. Rb5 Bd7 42. Ra5 Be6 43. Ra6 Bd5 44. Ra5 Bf7 45. Rb5 Be8 46. Ra5 Bd6 47. Rd5 dxc3 48. bxc3 Bb8 49. Nxc4 Bf7 50. Nb6 Bxd5 51. Nxc8 Bb7 52. Ba7 Bc7 53. Bb6 Bb8 54. Ba7 Bxa7 55. Nxa7 Kf7 56. gxf5 gxf5 57. Nb5 Ke6 58. Kg3 Kd5 59. Na3 Ba6 60. f4 Ke4 61. fxe5 f4+ 62. Kf2 Kxe5 63. c4 Bb7 64. Nc2 Be4 65. Ne1 Kd4 66. Ng2 Ke5 67. Ne1 Bf5 68. h4 Bd7 69. c5 Kd4 70. Ng2 Ke5 1/2-1/2

[Event "SWE-chT 1516 Superettan"]
[Site "Sweden"]
[Date "2016.02.27"]
[Round "6"]
[White "Fredriksson, Leif"]
[Black "Cederberg, Karl Olof"]
[Result "0-1"]
[WhiteElo "2230"]
[BlackElo "2206"]
[PlyCount "166"]
[EventDate "2015.11.06"]
[EventType "team-tourn"]
[EventRounds "9"]
[EventCountry "SWE"]
[SourceTitle "EXT 2018"]
[Source "ChessBase"]
[SourceDate "2017.10.13"]
[SourceVersion "1"]
[SourceVersionDate "2017.10.13"]
[SourceQuality "1"]
[WhiteTeam "Norrkoping Schack 08"]
[BlackTeam "Upsala"]
[WhiteTeamCountry "SWE"]
[BlackTeamCountry "SWE"]

1. e4 e5 2. Nf3 d6 3. d4 Nf6 4. Nc3 Nbd7 5. g3 g6 6. Bg2 Bg7 7. 0-0 0-0 8. h3 c6 9. Be3 Re8 10. dxe5 dxe5 11. Qe2 Qc7 12. Rad1 b5 13. Ne1 b4 14. Nb1 Qa5 15. a3 Ba6 16. Nd3 c5 17. Qd2 Rab8 18. Rfe1 Bc4 19. Bxc5 Nxc5 20. axb4 Ncxe4 21. Bxe4 Nxe4 22. Rxe4 Qc7 23. Qc3 Rbc8 24. Nc5 Bb5 25. Na3 Bc6 26. Rc4 e4 27. Qe3 Qe5 28. c3 Qh5 29. g4 Qh4 30. b5 Ba8 31. Rd7 Bh6 32. Qg3 Qg5 33. Nb7 Qc1+ 34. Kg2 Qxb2 35. Qh4 e3 36. Qf6 Qxf2+ 37. Qxf2 exf2 38. Kxf2 Be3+ 39. Kg3 Bc1 40. Rxc8 Rxc8 41. Nb1 f5 42. gxf5 gxf5 43. Nd6 f4+ 44. Kf2 Be3+ 45. Kf1 Rf8 46. c4 Bh1 47. Ke2 Bc5 48. Nd2 f3+ 49. Kd3 f2 50. N6e4 Bb4 51. Nf1 Bg2 52. Neg3 Bc5 53. h4 Re8 54. Kc2 Re1 55. Rd1 Be7 56. h5 Bh4 57. Rd4 Bxg3 58. Nxg3 f1Q 59. Nxf1 Bxf1 60. Rg4+ Kf7 61. h6 Kf6 62. Rg7 Re7 63. Rg4 Bh3 64. Rg3 Bf5+ 65. Kc3 Ke5 66. Re3+ Be4 67. Rg3 Bg6 68. Re3+ Kf6 69. Rg3 Re4 70. Rh3 Ke5 71. Kb4 Bf7 72. Rc3 Kd6 73. Rd3+ Kc7 74. Rc3 Kb6 75. Rc1 Rh4 76. Rc2 Be8 77. Re2 Bxb5 78. Re6+ Bc6 79. Kc3 a5 80. Rf6 Rh5 81. Kd4 a4 82. Kc3 Kc5 83. Re6 Rh3+ 0-1

[Event "SWE-chT2 0708"]
[Site "Sweden"]
[Date "2008.01.12"]
[Round "4"]
[White "Cramling, Dan"]
[Black "Cederberg, Karl Olof"]
[Result "1-0"]
[WhiteElo "2356"]
[BlackElo "2220"]
[PlyCount "89"]
[EventDate "2007.10.20"]
[EventType "team"]
[EventRounds "9"]
[EventCountry "SWE"]
[SourceTitle "EXT 2009"]
[Source "ChessBase"]
[SourceDate "2008.11.26"]
[SourceVersion "1"]
[SourceVersionDate "2008.11.26"]
[SourceQuality "1"]
[WhiteTeam "Passanten"]
[BlackTeam "Upsala II"]
[WhiteTeamCountry "SWE"]
[BlackTeamCountry "SWE"]

1. d4 c5 2. d5 e5 3. e4 d6 4. Bb5+ Nd7 5. a4 a6 6. Bd3 g6 7. Nf3 Ne7 8. Na3 Qc7 9. Nc4 b6 10. Nfxe5 Nxe5 11. Nxe5 dxe5 12. d6 Qd7 13. dxe7 Qxe7 14. 0-0 Bg7 15. Qe2 0-0 16. b3 Bb7 17. Bb2 f5 18. Rfe1 Qg5 19. Rad1 Kh8 20. f3 Rfe8 21. Qf1 h5 22. Re2 Rad8 23. Rde1 c4 24. Bxc4 fxe4 25. fxe4 Bf8 26. Bc1 Bc5+ 27. Kh1 Qe7 28. Be3 Bb4 29. Rd1 Rf8 30. Rxd8 Qxd8 31. Qc1 Ba3 32. Qg1 Qa8 33. Bxb6 Bxe4 34. Qe1 Rf4 35. Bc7 Rg4 36. Bxe5+ Kh7 37. Qf1 Qe8 38. Qf7+ Qxf7 39. Bxf7 Bxg2+ 40. Rxg2 Re4 41. Bc3 Re3 42. Rg3 Re1+ 43. Bxe1 h4 44. Rh3 g5 45. Bc4 1-0